Системы электроснабжения летательных аппаратов с полностью электрифицированным оборудованием; Электромеханические преобразователи энергии

Manylion Llyfryddiaeth
Parent link:Электромеханические преобразователи энергии.— 2009.— С. 21-26
Prif Awdur: Гарганеев А. Г. Александр Георгиевич
Awduron Eraill: Харитонов С. А.
Iaith:Rwseg
Cyhoeddwyd: 2009
Pynciau:
Fformat: Pennod Llyfr
KOHA link:https://koha.lib.tpu.ru/cgi-bin/koha/opac-detail.pl?biblionumber=196189

MARC

LEADER 00000naa2a2200000 4500
001 196189
005 20231031183013.0
035 |a (RuTPU)RU\TPU\book\214030 
090 |a 196189 
100 |a 20110519d2009 k y0rusy50 ca 
101 0 |a rus 
102 |a RU 
200 1 |a Системы электроснабжения летательных аппаратов с полностью электрифицированным оборудованием  |f А. Г. Гарганеев, С. А. Харитонов 
320 |a Библиогр.: 6 назв. 
463 0 |0 (RuTPU)RU\TPU\book\208678  |t Электромеханические преобразователи энергии  |o материалы IV Международной научно-технической конференции, 13-16 октября 2009 г., Томск  |f Российский фонд фундаментальных исследований (РФФИ) ; Томская область, Администрация ; Томский политехнический университет   |v С. 21-26  |d 2009  |p 556 с. 
610 1 |a электроснабжение 
610 1 |a летательные аппараты 
610 1 |a системы электроснабжения 
610 1 |a бортовые системы 
610 1 |a труды учёных ТПУ 
700 1 |a Гарганеев  |b А. Г.  |f 1955-  |g Александр Георгиевич  |2 stltpush  |3 (RuTPU)RU\TPU\pers\27965 
701 1 |a Харитонов  |b С. А. 
801 1 |a RU  |b 63413507  |c 20110519 
942 |c BK